Sports Quiz

Random Sports or Soccer Quiz

Hungarian soccer players Quiz Stats

 Plays Quiz not verified by Sporcle

Score 0/20 Timer 06:00
0 Plays Today
% Correct
Ferenc Puskás
96.8%
Zoltán Gera
88.7%
Gábor Király
86.3%
Sándor Kocsis
79%
Balázs Dzsudzsák
77.4%
Flórián Albert
74.2%
Pál Dárdai
61.3%
Roland Juhász
58.9%
Gyula Grosics
56.5%
Lajos Détári
54.8%
% Correct
Nándor Hidegkuti
54.8%
Krisztián Lisztes
53.2%
Tibor Nyilasi
52.4%
József Bozsik
47.6%
Béla Illés
46.8%
Péter Lipcsei
46%
Flórián Urbán
40.3%
György Sárosi
34.7%
Imre Schlosser
31.5%
Gyula Zsengellér
28.2%

You're not logged in!

Compare scores with friends on all Sporcle quizzes.
Join for Free
OR
Log In

You Might Also Like...

Show Comments

Extras

Top Quizzes Today


Score Distribution

Your Account Isn't Verified!

In order to create a playlist on Sporcle, you need to verify the email address you used during registration. Go to your Sporcle Settings to finish the process.

Report this User

Report this user for behavior that violates our Community Guidelines.

Details: